000
00302nam a22001457a 4500
008
210312b ||||| |||| 00| 0 eng d
020
_a
0316514330
041
_a
eng
080
_a
82
082
_a
82
100
_a
21
101
_a
GJL
245
_a
Technical Writing
_c
Lannon,M.J
942
_2
udc
_c
BK
999
_c
56557
_d
56557